| 000 | 01438cad a22002295a 4500 | ||
|---|---|---|---|
| 001 | L151654 | ||
| 008 | 110810s2011 xxk 000 0 eng d | ||
| 035 | _a(Sirsi) u153619 | ||
| 041 | 0 | _aeng | |
| 050 | 0 | 4 | _a333.33 $2 18 |
| 110 | 2 |
_aRoyal Institution of Chartered Surveyors _bEconomics _95033 |
|
| 245 | 0 | 0 |
_aRICS global distressed property monitor _bQ4 2010 _h[electronic resource] |
| 260 |
_aLondon _bRICS _c2011 |
||
| 490 | 0 |
_aRICS Global Distressed Property Monitor _vQ4 2010 |
|
| 520 | _aMore countries see an increase in distressed properties coming to market in Q4 than in Q3 although pace still modest. Fewer countries see a rise in enquiries into distressed listings from specialist funds. US, Australia, UK and Germany see rising distressed listings in Q4 while Russia and Brazil continue to see declines. Expectations for distressed property listings in Q1 rise at a faster pace in 40% of markets and notably in Hungary, Germany and UK.The Q4 monitor continues to show only a modest pick up in distressed properties coming to market at a global level. | ||
| 590 | _aKA | ||
| 651 | 4 | _aInternational | |
| 690 | _aPROPERTY-COMMERCIAL PROPERTY-COMMERCIAL PROPERTY FINANCE AND INVESTMENT | ||
| 690 | _aPROPERTY-COMMERCIAL PROPERTY-COMMERCIAL PROPERTY MARKET | ||
| 856 | 4 | 0 |
_uhttps://www.rics.org/site/download_feed.aspx?fileID=9026&fileExtension=PDF _zView the document free of charge (pdf file) at www.rics.org |
| 942 | _n0 | ||
| 999 |
_c112616 _d112616 |
||